000 00463nam a2200181Ia 4500
005 20250425160700.0
008 250425s9999 xx 000 0 und d
041 _aspa
082 _a928.866
245 0 _aECUADOR: PERSONAJES MILITARES
250 _a1A ED.
260 _aEcuador
_bVICERRECTORADO DE INVESTIGACION, DESARROLLO Y PRODUCCION
_c1999
260 _aS.L.
300 _a55
650 _aHISTORIADORES ECUATORIANOS
942 _c01
010 _a2192
999 _c194019
_d194019